00569nam a22001817a 450000500170000001000150001702000120003203500130004403700130005708200120007010000210008224500490010326000420015227001120019430000290030665000240033565000280035920100814164430.0 aENG-100236 c2200.00 aEN-83768 bDBAD/PUB a005.276 aTambade,Ravindra aLearning ASP.Net 2.0 /c by Ravindra Tambade aMaharashtrabAvani Publicationsc2008 aFlat No.2, Ground Floor, Radhakrihna Apts., Prabhat Road, Lane No. 10, Erandawana PunebMaharashtrae411004 a180p.:bill.c29cm (pbk) aWebsite development aMicrosoft Net Framework